Modernització i catalanisme : la Diputació de Barcelona ara fa 100 anys la Diputació de Barcelona ara fa 100 anys
Descripción Física:
1 tríptic : il. ; 21 cm
MARC
| LEADER | 00000nam a2200000Ia 4500 | ||
|---|---|---|---|
| 001 | 22674 | ||
| 008 | 160829s2010 xx 000 0 cat d | ||
| 080 | |a FU-56-34 | ||
| 245 | |a Modernització i catalanisme : |b la Diputació de Barcelona ara fa 100 anys | ||
| 260 | |a Barcelona : |b Diputació de Barcelona. Àrea de Presidència, |c 2010 | ||
| 300 | |a 1 tríptic : |b il. ; |c 21 cm | ||
| 590 | |a Exposició celebrada al vestíbul de Can Serra del 6 de maig al 15 de juliol de 2010. | ||
| 590 | |a S'ha utilitzat el fons de l'Arxiu General de la Diputació de Barcelona | ||
| 650 | |a Barcelona. Diputació |x Història |x Exposicions |9 44923 | ||
| 710 | |a Barcelona (Catalunya : Província). |b Àrea de Presidència |9 52558 | ||
| 901 | |a Arxiu | ||
| 942 | |n 1 | ||
| 952 | |0 0 |1 0 |4 0 |6 FU5634 |7 1 |9 52280 |a Arxiu |b Arxiu |d 2016-12-01 |l 0 |o FU-56-34 |p 22674 |r 2016-12-01 00:00:00 |w 2016-12-01 |y ARXIU | ||
| 999 | |c 56128 |d 56128 | ||